Κατάλογος Βιβλιοθηκών Mediterranean College

Ορθοπαιδική Αποκατάσταση στην Κλινική Π΄ραξη / Με Βιβλιογραφική Τεκμηρίωση: Δεύτερη Ελληνική Έκδοση (Record no. 9784)

MARC details
000 -LEADER
fixed length control field 02616cam a22001934a 4500
005 - ΗΜΕΡΟΜΗΝΙΑ ΚΑΙ ΩΡΑ ΤΕΛΕΥΤΑΙΑΣ ΕΝΗΜΕΡΩΣΗΣ
Πεδίο ελέγχου 20250605164409.0
008 - FIXED-LENGTH DATA ELEMENTS--GENERAL INFORMATION
Πεδίο ελέγχου σταθερού μήκους 250528s ||||||||||||||||||||||||d
035 ## - SYSTEM CONTROL NUMBER
System control number 24964
040 ## - ΠΗΓΗ ΚΑΤΑΛΟΓΟΓΡΑΦΗΣΗΣ
Φορέας πρωτότυπης καταλογογράφησης MC Athens Campus Library
Γλώσσα καταλογογράφησης Ελληνικά, Μοντέρνα (1453-)
Modifying agency MC Athens Campus Library
Κανόνες περιγραφικής καταλογογράφησης AACR2
245 1# - ΤΙΤΛΟΣ ΚΑΙ ΔΗΛΩΣΗ ΥΠΕΥΘΥΝΟΤΗΤΑΣ
Τίτλος Ορθοπαιδική Αποκατάσταση στην Κλινική Π΄ραξη / Με Βιβλιογραφική Τεκμηρίωση: Δεύτερη Ελληνική Έκδοση
260 ## - PUBLICATION, DISTRIBUTION, ETC.
Name of publisher, distributor, etc. Κωνσταντάρας,
Date of publication, distribution, etc. 2015
300 ## - PHYSICAL DESCRIPTION
Extent 588
520 ## - SUMMARY, ETC.
Summary, etc. Ο στόχος της τρίτης έκδοσης (δεύτερη ελληνική) του συγγράμματος Ορθοπαιδική Αποκατάσταση στην Κλινική Πράξη με Βιβλιογραφική Τεκμηρίωση είναι η αύξηση των πληροφοριών που παρέχονται στον επαγγελματία της υγείας που ασχολείται με τις παθήσεις του μυοσκελετικού.Το υλικό έχει διευρυνθεί σε μεγάλο βαθμό και αφορά φυσικοθεραπευτές, ορθοπαιδικούς χειρουργούς, οικογενειακούς γιατρούς, προπονητές, χειροπρακτικούς, αλλά και άλλους οι οποίοι ασχολούνται με την αντιμετώπιση των παθήσεων του μυοσκελετικού. Η πλήρης περιγραφή των τραυματισμών και των εγχειρητικών διαδικασιών είναι το πρώτο βήμα. Οι θεραπευτικοί στόχοι και οι χειρισμοί είναι το επόμενο βήμα ενώ τα πλήρη πρωτόκολλα αποκατάστασης με προσδιορισμό ακόμα και του χρόνου που πρέπει να γίνει το οτιδήποτε, δίνει στον θεραπευτή τη γνώση για μια ασφαλή και πλήρη θεραπευτική παρέμβαση. Η ορθοπαιδική αποκατάσταση του Brotzman αποτελεί εδώ και πολλά χρόνια την κοινή γλώσσα επικοινωνίας μεταξύ ιατρών, φυσικοθεραπευτών και εργοθεραπευτών στην πορεία για την ολοκληρωμένη επιστροφή του ασθενούς στην πλήρη λειτουργικότητα.
700 1# - ΠΡΟΣΘΕΤΗ ΑΝΑΓΡΑΦΗ--ΦΥΣΙΚΟ ΠΡΟΣΩΠΟ
Personal name Brotzman Brent S
9 (RLIN) 9638
700 1# - ΠΡΟΣΘΕΤΗ ΑΝΑΓΡΑΦΗ--ΦΥΣΙΚΟ ΠΡΟΣΩΠΟ
Personal name Manske Robert C
9 (RLIN) 9639
942 ## - ADDED ENTRY ELEMENTS (KOHA)
Koha item type Books
Holdings
Τύπος τεκμηρίου Βιβλιοθήκη Τρέχουσα τοποθεσία Barcode Αριθμός εισαγωγής Ημερομηνία απόκτησης Ταξιθετικό σύμβολο Αριθμός αντιτύπου Κατάσταση απόσυρσης Κατάσταση χαμένου Κατάσταση κατεστραμμένου Μη δανεισμός Σύνολο δανεισμών Ημερομηνία τελευταίας εμφάνισης Η τιμή ισχύει από
Books MC Thessaloniki Campus Library MC Thessaloniki Campus Library 9780000097835 7827 05/06/2025 616.7 BRO 1           05/06/2025 05/06/2025

MC Athens Campus Library
Πατησίων 94 & Κοδριγκτώνος 13, 104 34
Πελλήνης 8 & Πατησίων 107, 112 51
Τ: +30 210 8899600

MC Thessaloniki Campus Library
Ίωνος Δραγούμη 21, 54625 | Ίωνος Δραγούμη 15, 54625
Τ: +30 2310 287779 – Τ: +30 2314 440300